Представление документа в формате RUSMARC

ПолеНазваниеЗначение
  Тип записи i
  Библиографический уровень c
001 Контрольный номер 40c8513e7117469a9833bda9e262c36e
005 Дата корректировки 20230112125155.3
010 Индекс ISBN __
a ISBN 978-5-9677-2588-3
d Цена 245-70
100 Данные общей обработки __
a Данные общей обработки 20221019d2016 cd y0rusy028902 ca
101 Язык документа 0_
a Язык текста rus
102 Страна публикации __
a Страна публикации RU
125 Кодированные данные звукозаписи и нотных изданий __
b Определитель литературного текста с
126 Кодированные данные (звукозаписи-физические характеристики) __
a Кодированные данные звукозаписи (общие) agbаhхх cd
127 Кодированные данные (звукозаписи-физические характеристики) __
a Продолжительность проигрывания 0552##
135 Кодированные данные (электронные ресурсы) __
a Кодированные данные (электронные ресурсы) aongannnauuuu
139 Кодированные данные (электронные ресурсы) __
a Кодированные данные (электронные ресурсы) сaz
181 Поле кодированных данных: вид содержания _0
a Код вида содержания (ISBD) h
182 Поле кодированных данных: тип средства _0
a Код типа средства (ISBD) a
200 Заглавие и сведения об ответственности 1_
a Заглавие Вор-любитель
e Сведения, относящиеся к заглавию избранные рассказы о Раффлсе : [аудиокнига]
f Первые сведения об ответственности Эрнест У. Хорнунг
g Последующие сведения об ответственности исполнитель Вадим Максимов ; музыка Леонида Атабекова
203 Вид содержания и тип средства __
a Вид содержания Устная речь
c Тип средства аудио
210 Выходные данные 1_
a Место издания Москва
c Издательство 1С-Паблишинг
d Дата издания 2016
215 Физическое описание __
a Объем 1 электрон. опт. диск (CD-ROM) (05 ч 52 мин)
d Формат 12 см
c Иллюстрации/тип воспроизводства зв.
225 Серия 2_
a Серия 1С: Аудиокниги
300 Общие примечания __
a Общие примечания Заглавие с этикетки диска
300 Общие примечания __
a Общие примечания Данные в формате MP3
330 Аннотация __
a Аннотация Эрнест Уильям Хорнунг (1890-1921) - английский писатель, создатель серии книг об Артуре Раффлсе, взломщике-любителе времён викторианской Англии. Чем привлекает Раффлс? Он джентльмен, человек с принципами. Он хорош собой и в отличной спортивной форме - чемпион Англии по крикету. И при первом знакомстве ничто не выдаёт в элегантном лондонском денди его истинную страсть - непреодолимую тягу к воровству. Преступления Раффлса весьма изобретательны и будоражат сытую, размеренную жизнь высшего общества. Удастся ли столичной знати уберечь свои сокровища от ловкого вора? А вот послушайте...
333 Примечание о целевом назначении __
a Примечание о целевом назначении 16+. Для детей старше 16 лет
337 Примечание о системных требованиях (электронные ресурсы) __
a Примечание о системных требованиях (электронные ресурсы) Системные требования: персональный компьютер ; MS Windows 95/98/2000/XP/Vista/7/8/10 ; Pentium 100 ; ОЗУ 16 Мб ; монитор SVGA, 800x600 ; устройство чтения CD/DVD-ROM ; звуковая карта ; колонки или наушники ; мышь ; аудиосистемы с поддержкой формата MP3
540 Дополнительное заглавие, сделанное каталогизатором 10
a Дополнительное заглавие, сделанное каталогизатором Избранные рассказы о Раффлсе
606 Тематические рубрики __
a Основная рубрика Художественная литература
2 Код системы nlr_sh
606 Тематические рубрики __
a Основная рубрика Литература Европы (произведения)
2 Код системы nlr_sh
y Географическая подрубрика Великобритания
y Географическая подрубрика Англия
610 Ключевые слова 0_
a Ключевые слова рассказы
a Ключевые слова аудиокниги
610 Ключевые слова 0_
a Ключевые слова детективные рассказы
610 Ключевые слова 0_
a Ключевые слова детективы
610 Ключевые слова 0_
a Ключевые слова английские детективы
610 Ключевые слова 0_
a Ключевые слова тема ограблений
610 Ключевые слова 0_
a Ключевые слова английская литература
610 Ключевые слова 0_
a Ключевые слова тема преступлений
610 Ключевые слова 0_
a Ключевые слова Раффлс
610 Ключевые слова 0_
a Ключевые слова Артур Раффлс
686 Индексы других классификаций __
2 Код системы rubbks
a Классификационный индекс 84(4Вел)53-445я04; ст84(4Вел)-445я0
700 Автор _1
a Фамилия Хорнунг
b Имя Э. У.
g Полное личное имя Эрнест Уильям
f Даты 1866-1921
4 Код отношения 070
702 Вторичная интеллектуальная ответственность _1
a Фамилия Максимов
b Имя В. Г.
g Полное личное имя Вадим Германович
4 Код отношения 590
f Даты 1959-
702 Вторичная интеллектуальная ответственность _1
a Фамилия Атабеков
b Имя Л.
g Полное личное имя Леонид
4 Код отношения 230
801 Источник записи _0
b Организация Муниципальное бюджетное учреждение культуры "Централизованная библиотечная система" г. Сургут (Центральная городская библиотека им. А. С. Пушкина)
a Страна RU
c Дата составления 20221019
g Правила каталогизации PSBO
801 Источник записи _1
b Организация Муниципальное бюджетное учреждение культуры "Централизованная библиотечная система" г. Сургут (Центральная городская библиотека им. А. С. Пушкина)
a Страна RU
c Дата составления 20221019
g Правила каталогизации PSBO
852 Данные о местонахождении __
i Авторский знак Х 79
j Шифр хранения 84(4Вел)53-445я04
900 Макрообъекты __
a Макрообъекты Вор-любитель. Хорнунг, Э., 2016
901 Тип документа __
a Ответственный КиК/Котельникова
t Тип документа 0
903 Характеристики (МАРС) __
a Дата передачи 20221019
c Наименование библиотеки (МАРС) Муниципальное бюджетное учреждение культуры "Централизованная библиотечная система" г. Сургут (Центральная городская библиотека им. А. С. Пушкина)
969 Тип издания __
a Тип издания издание для слепых
a Тип издания аудиокнига
990 Данные о заказе (DOS) __
j Количество экземпляров (DOS) 1
t N записи в КСУ для И/У (DOS) 202211